[Event "XIII. Rakosmente Open"]
[Site "Budapest, Hungary"]
[Date "2015.10.28"]
[Round "1.1"]
[White "Abraham, Lajos"]
[Black "Gyurkovics, Miklos"]
[Result "0-1"]
[WhiteElo "1791"]
[BlackElo "2107"]
[PlyCount "90"]
[EventDate "2015.??.??"]

1. d4 g6 2. e4 Bg7 3. Be3 c5 4. c3 cxd4 5. Bxd4 Nf6 6. e5 Nh5 7. Nh3 f6 8. f4
fxe5 9. fxe5 O-O 10. Be2 d6 11. Bxh5 gxh5 12. Qxh5 Nc6 13. Ng5 h6 14. e6 Nxd4
15. Nf7 Nc2+ 16. Kd2 Qb6 17. Kxc2 Qe3 18. Nd2 Qxe6 19. Rhf1 Rxf7 20. Rae1 Be5
21. Rxf7 Qxf7 22. Qxh6 Bf5+ 23. Kc1 Bh7 24. Qg5+ Kh8 25. Qh4 Rc8 26. Qa4 Qg6
27. Qe4 b5 28. Qxg6 Bxg6 29. a3 a5 30. g3 Rf8 31. Rg1 Rf2 32. h4 Bd3 33. Kd1
Kg7 34. Ke1 Re2+ 35. Kd1 Re3 36. Nf1 Bxf1 37. Rxf1 Rxg3 38. Rh1 Rg2 39. Kc1
Bf4+ 40. Kb1 Be3 41. Ka2 e5 42. h5 Kh6 43. Rd1 Bc5 44. Kb1 a4 45. Rh1 Rg5 0-1

[Event "XIII. Rakosmente Open"]
[Site "Budapest, Hungary"]
[Date "2015.10.27"]
[Round "1.2"]
[White "Bakk, Zoltan"]
[Black "Simonyi, Gergo"]
[Result "0-1"]
[WhiteElo "2039"]
[BlackElo "1756"]
[PlyCount "109"]
[EventDate "2015.??.??"]

1. d4 d5 2. Nf3 Nf6 3. c4 c6 4. e3 e6 5. Nbd2 Nbd7 6. b3 Be7 7. Bb2 O-O 8. Bd3
a5 9. O-O b6 10. Qe2 Bb7 11. Rfd1 a4 12. Rab1 Bb4 13. a3 Be7 14. b4 dxc4 15.
Nxc4 b5 16. Ncd2 Nb6 17. e4 Ne8 18. Rbc1 Rc8 19. Nf1 Nd6 20. Ne3 Bg5 21. Nxg5
Qxg5 22. Rc5 Qe7 23. Rh5 f5 24. exf5 exf5 25. Rh3 Nd5 26. Qh5 g6 27. Qh6 Qg7
28. Nxd5 cxd5 29. Qf4 Qf6 30. Re1 Rfe8 31. Rxe8+ Rxe8 32. Re3 Bc6 33. Bc1 Rxe3
34. Bxe3 Qe7 35. h4 Nc4 36. h5 Nxa3 37. Qb8+ Be8 38. Bf4 Nc4 39. Bxc4 dxc4 40.
Bd6 Qe6 41. Kh2 h6 42. d5 Qd7 43. Bc5 gxh5 44. Qe5 Bg6 45. Bd4 Kf7 46. Qg7+ Ke8
47. Qg8+ Ke7 48. Bc5+ Kf6 49. Qh8+ Kg5 50. Qe5 h4 51. Be7+ Kh5 52. Bf8 Kg5 53.
f4+ Kg4 54. Qe2+ Kxf4 55. Bxh6# 0-1

[Event "XIII. Rakosmente Open"]
[Site "Budapest, Hungary"]
[Date "2015.10.28"]
[Round "1.3"]
[White "Lakatos, Tamas"]
[Black "Heyl, Thomas"]
[Result "0-1"]
[WhiteElo "1649"]
[BlackElo "1976"]
[PlyCount "38"]
[EventDate "2015.??.??"]

1. e4 c5 2. Nf3 e6 3. c3 d5 4. exd5 Qxd5 5. d4 Nf6 6. Be2 Nc6 7. O-O Be7 8. Be3
cxd4 9. cxd4 O-O 10. Nc3 Qa5 11. a3 Rd8 12. Qc2 Bd7 13. Rac1 Rac8 14. Rfd1 Be8
15. Qb3 Nd5 16. Nxd5 exd5 17. Bg5 Bxg5 18. Nxg5 Nxd4 19. Qd3 Nxe2+ 0-1

[Event "XIII. Rakosmente Open"]
[Site "Budapest, Hungary"]
[Date "2015.10.28"]
[Round "1.4"]
[White "Palagyi, Csaba"]
[Black "Benyeda, Tibor"]
[Result "1-0"]
[WhiteElo "1938"]
[BlackElo "1608"]
[PlyCount "51"]
[EventDate "2015.??.??"]

1. e4 c6 2. d4 d5 3. e5 Bf5 4. Bd3 Bxd3 5. Qxd3 e6 6. Ne2 c5 7. c3 Nc6 8. a3
Rc8 9. O-O cxd4 10. cxd4 Nge7 11. g4 Ng6 12. Nbc3 Be7 13. b4 O-O 14. Bd2 Re8
15. f4 Qb6 16. Kh1 Bf8 17. f5 Nh8 18. Rf3 Nd8 19. Rh3 h6 20. Rg1 Rc4 21. f6 Ng6
22. g5 Qc6 23. gxh6 gxh6 24. Rxg6+ fxg6 25. Qxg6+ Kh8 26. Rxh6+ 1-0

[Event "XIII. Rakosmente Open"]
[Site "Budapest, Hungary"]
[Date "2015.10.28"]
[Round "1.5"]
[White "Posztos, Marcell"]
[Black "Kovacsy, Barnabas"]
[Result "0-1"]
[WhiteElo "1604"]
[BlackElo "1915"]
[PlyCount "50"]
[EventDate "2015.??.??"]

1. d4 Nf6 2. c4 g6 3. Nc3 d5 4. cxd5 Nxd5 5. e4 Nxc3 6. bxc3 c5 7. Bc4 Bg7 8.
Ne2 Nc6 9. Bb2 O-O 10. O-O Qc7 11. Qc2 Bd7 12. a3 Rac8 13. d5 Ne5 14. Ba2 Ng4
15. g3 Ne5 16. c4 Bh3 17. Rfb1 Qd7 18. Nf4 Qg4 19. Qe2 Nf3+ 20. Kh1 Nd4 21.
Qxg4 Bxg4 22. Re1 Nc2 23. Bxg7 Kxg7 24. Nd3 Nxa1 25. Rxa1 Bf3+ 0-1

[Event "XIII. Rakosmente Open"]
[Site "Budapest, Hungary"]
[Date "2015.10.28"]
[Round "1.6"]
[White "Szentgyorgyi, Sandor"]
[Black "Novak, Levente Peter"]
[Result "1-0"]
[WhiteElo "1854"]
[BlackElo "1561"]
[PlyCount "43"]
[EventDate "2015.??.??"]

1. e4 c5 2. Nf3 d6 3. d4 cxd4 4. Qxd4 Nc6 5. Bb5 Bd7 6. Bxc6 bxc6 7. c4 Nf6 8.
Nc3 g6 9. Bg5 Bg7 10. O-O O-O 11. Qd2 Be6 12. b3 Qa5 13. Nd5 Qxd2 14. Nxe7+ Kh8
15. Nxd2 Bd7 16. Bf4 Nh5 17. Bxd6 Bxa1 18. Rxa1 Rad8 19. c5 Ng7 20. Nc4 Ne8 21.
Nxg6+ hxg6 22. Bxf8 1-0

[Event "XIII. Rakosmente Open"]
[Site "Budapest, Hungary"]
[Date "2015.10.28"]
[Round "1.7"]
[White "Toth, Nikoletta"]
[Black "Czumbel, Peter"]
[Result "0-1"]
[WhiteElo "1530"]
[BlackElo "1845"]
[PlyCount "88"]
[EventDate "2015.??.??"]

1. e4 d6 2. d4 Nf6 3. Nc3 g6 4. Be2 Bg7 5. Be3 c6 6. h3 b5 7. a3 Bb7 8. Nf3 O-O
9. O-O Qc7 10. Qd2 Nbd7 11. Rad1 a5 12. Rfe1 b4 13. Na4 Nxe4 14. Qc1 Nb6 15.
Nxb6 Qxb6 16. Bh6 bxa3 17. bxa3 Nc3 18. Rd3 Nxe2+ 19. Rxe2 Ba6 20. Rb3 Qa7 21.
Re1 Bc4 22. Rb1 Rfb8 23. Qe3 e6 24. Qf4 Qc7 25. Qh4 Qd8 26. Rxb8 Rxb8 27. Ng5
Bf6 28. Re3 Bd5 29. Rg3 Rb2 30. Qf4 Rxc2 31. Ne4 Bxe4 32. Qxe4 Rc4 33. Rd3 c5
34. Qf4 Rxd4 35. Rxd4 Bxd4 36. Bg5 Qb6 37. Bf6 Qb2 38. Bxd4 Qxd4 39. Qc1 c4 40.
Qc2 c3 41. a4 Qd2 42. Qb3 c2 43. Qb8+ Kg7 44. Qb2+ e5 0-1

[Event "XIII. Rakosmente Open"]
[Site "Budapest, Hungary"]
[Date "2015.10.28"]
[Round "1.8"]
[White "Kaloczi, Kristof"]
[Black "Belencsak, Istvan"]
[Result "1-0"]
[WhiteElo "1830"]
[BlackElo "1445"]
[PlyCount "65"]
[EventDate "2015.??.??"]

1. d4 Nf6 2. Bg5 e6 3. Nf3 Be7 4. e3 O-O 5. Bd3 b6 6. O-O Bb7 7. Nbd2 d6 8. Qe2
c5 9. c3 d5 10. Ne5 Nbd7 11. f4 c4 12. Bc2 b5 13. Rf3 Ne4 14. Bxe7 Qxe7 15. Rh3
Nxe5 16. dxe5 f6 17. Nxe4 dxe4 18. Qh5 g6 19. exf6 Rxf6 20. Qxb5 Bd5 21. Rd1
Rf5 22. g4 Rf7 23. Rd4 a6 24. Qa4 Qb7 25. b3 Rc7 26. bxc4 Qb2 27. cxd5 Rxc3 28.
Bd1 Ra3 29. Qb4 Qc1 30. Qb7 Rxe3 31. Qxa8+ Kg7 32. Qb7+ Kf6 33. g5+ 1-0

[Event "XIII. Rakosmente Open"]
[Site "Budapest, Hungary"]
[Date "2015.10.28"]
[Round "1.9"]
[White "Benyeda, Monika"]
[Black "Bartuszek, Andras"]
[Result "0-1"]
[WhiteElo "1332"]
[BlackElo "1829"]
[PlyCount "80"]
[EventDate "2015.??.??"]

1. d4 Nf6 2. Nf3 g6 3. c4 Bg7 4. Nc3 d5 5. Bf4 O-O 6. e3 c6 7. Rc1 a5 8. a4 Na6
9. cxd5 Nxd5 10. Nxd5 Qxd5 11. Bc4 Qh5 12. Ng5 Qxd1+ 13. Kxd1 h6 14. Ne4 Bf5
15. f3 g5 16. Bg3 Nb4 17. Be1 Nd5 18. Bxd5 cxd5 19. Ng3 Bd7 20. b3 Bc6 21. Nf5
e6 22. Ne7+ Kh7 23. Nxc6 bxc6 24. Rxc6 Rfc8 25. Rc3 Rxc3 26. Bxc3 Bf8 27. Kd2
Kg6 28. g4 f5 29. Re1 h5 30. h3 Bd6 31. e4 dxe4 32. fxe4 f4 33. e5 Bc7 34. Kd3
Rh8 35. gxh5+ Rxh5 36. Rh1 g4 37. Bd2 f3 38. Ke3 Bd8 39. Kf2 Bh4+ 40. Kf1 g3
0-1

[Event "XIII. Rakosmente Open"]
[Site "Budapest, Hungary"]
[Date "2015.10.28"]
[Round "1.10"]
[White "Pentek, Aladar"]
[Black "Kurko, Bence"]
[Result "0-1"]
[WhiteElo "1819"]
[BlackElo "1302"]
[PlyCount "40"]
[EventDate "2015.??.??"]

1. e4 c5 2. Nf3 d6 3. d4 cxd4 4. Nxd4 Nf6 5. Nc3 Nc6 6. Be2 g6 7. Be3 Bg7 8.
O-O O-O 9. Nb3 Bd7 10. a4 Ne5 11. f3 Qc7 12. Nd4 a6 13. Nd5 Nxd5 14. exd5 Nc4
15. Bxc4 Qxc4 16. c3 Rfc8 17. Qb3 Qxb3 18. Nxb3 Bxc3 19. Bd4 Bxd4+ 20. Nxd4 Rc4
0-1

[Event "XIII. Rakosmente Open"]
[Site "Budapest, Hungary"]
[Date "2015.10.28"]
[Round "1.11"]
[White "Magyar, Erik Ferenc"]
[Black "Horvath, Csaba"]
[Result "0-1"]
[WhiteElo "1077"]
[BlackElo "1814"]
[PlyCount "86"]
[EventDate "2015.??.??"]

1. e4 c5 2. c3 d5 3. exd5 Qxd5 4. d4 Nc6 5. Nf3 Bg4 6. Be2 cxd4 7. h3 Bxf3 8.
Bxf3 Qe5+ 9. Be2 Nf6 10. f4 Qd6 11. cxd4 Qxd4 12. Qb3 Qb4+ 13. Qxb4 Nxb4 14.
Bb5+ Nd7 15. Na3 e6 16. Bd2 Be7 17. Rc1 a6 18. Bxd7+ Kxd7 19. Rd1 Nd5 20. Nc4
Rhc8 21. b3 Ke8 22. Ba5 b5 23. Nb6 Nxb6 24. Bxb6 Rc2 25. Rd2 Bb4 26. Kd1 Rxd2+
27. Kc1 Rc8+ 28. Kb1 Rcc2 29. Bd4 Bc3 30. Bxc3 Rxc3 31. g4 Rcc2 32. a4 bxa4 33.
bxa4 Rc4 34. Rc1 Rb4+ 35. Ka1 Rd5 36. Rc8+ Kd7 37. Rc1 Ra5 38. Rd1+ Kc6 39.
Rc1+ Kd5 40. Rd1+ Kc4 41. Rc1+ Kd3 42. Rd1+ Kc2 43. Rd7 Raxa4# 0-1

[Event "XIII. Rakosmente Open"]
[Site "Budapest, Hungary"]
[Date "2015.10.29"]
[Round "2.1"]
[White "Gyurkovics, Miklos"]
[Black "Kaloczi, Kristof"]
[Result "1-0"]
[WhiteElo "2107"]
[BlackElo "1830"]
[PlyCount "61"]
[EventDate "2015.??.??"]

1. Nf3 Nf6 2. g3 b6 3. Bg2 Bb7 4. O-O e6 5. d3 d5 6. Nbd2 Be7 7. e4 dxe4 8. Ng5
O-O 9. Ngxe4 Qc8 10. Re1 Nbd7 11. Qe2 h6 12. Nc4 Nxe4 13. dxe4 Ba6 14. e5 Rb8
15. f4 c5 16. a4 Qc7 17. b3 Rfd8 18. Bb2 Rbc8 19. Qe4 Bxc4 20. bxc4 Nb8 21. f5
exf5 22. Qxf5 g6 23. Qh3 Bg5 24. Bd5 Rxd5 25. cxd5 c4 26. Bd4 Rd8 27. d6 Qc6
28. Qg2 Qxg2+ 29. Kxg2 Nc6 30. Bc3 h5 31. Re4 1-0

[Event "XIII. Rakosmente Open"]
[Site "Budapest, Hungary"]
[Date "2015.10.29"]
[Round "2.2"]
[White "Czumbel, Peter"]
[Black "Bakk, Zoltan"]
[Result "0-1"]
[WhiteElo "1845"]
[BlackElo "2039"]
[PlyCount "24"]
[EventDate "2015.??.??"]

1. e4 c5 2. d3 Nc6 3. Nd2 g6 4. g3 Bg7 5. Bg2 e6 6. f4 Nge7 7. Ngf3 O-O 8. e5
d6 9. exd6 Nf5 10. Ne4 Nxd6 11. Nxc5 Qa5+ 12. Bd2 Qxc5 0-1

[Event "XIII. Rakosmente Open"]
[Site "Budapest, Hungary"]
[Date "2015.10.29"]
[Round "2.3"]
[White "Heyl, Thomas"]
[Black "Szurkos, Andras"]
[Result "1/2-1/2"]
[WhiteElo "1976"]
[BlackElo "1793"]
[PlyCount "110"]
[EventDate "2015.??.??"]

1. d4 d5 2. Nf3 Nf6 3. g3 e6 4. Bg2 c5 5. O-O Nc6 6. dxc5 Bxc5 7. c4 dxc4 8.
Qa4 O-O 9. Qxc4 Qb6 10. Nc3 Qb4 11. Qxb4 Nxb4 12. a3 Nbd5 13. Bd2 Bd7 14. Ne5
Rfd8 15. Rac1 Bd4 16. Nf3 Bxc3 17. Bxc3 Rac8 18. Bd4 b6 19. e3 Rxc1 20. Rxc1
Rc8 21. Rxc8+ Bxc8 22. Nd2 Nd7 23. Nc4 Ba6 24. Ne5 Nxe5 25. Bxe5 Bc4 26. Bf1
Bxf1 27. Kxf1 b5 28. Ke2 f6 29. Bd4 a6 30. e4 Ne7 31. e5 Nc6 32. Ke3 Kf7 33. f4
h5 34. h3 fxe5 35. Bxe5 g5 36. Ke4 gxf4 37. Kxf4 Kg6 38. g4 hxg4 39. hxg4 Ne7
40. Bd4 Nc6 41. Be3 Kf6 42. Ke4 Kg6 43. Bf4 Kf6 44. Bd2 Kg6 45. g5 Kf7 46. Bc3
Kg6 47. Bf6 Kf7 48. Kf4 Kg6 49. Kg4 Na5 50. Kf4 Nc4 51. Ke4 Kf7 52. Kd3 Nb6 53.
Kd4 Nd7 54. Bd8 Kg6 55. Ke4 Kf7 1/2-1/2

[Event "XIII. Rakosmente Open"]
[Site "Budapest, Hungary"]
[Date "2015.10.29"]
[Round "2.4"]
[White "Bartuszek, Andras"]
[Black "Palagyi, Csaba"]
[Result "1-0"]
[WhiteElo "1829"]
[BlackElo "1938"]
[PlyCount "63"]
[EventDate "2015.??.??"]

1. e4 c5 2. Nf3 Nc6 3. d4 cxd4 4. Nxd4 Nf6 5. Nc3 e5 6. Ndb5 d6 7. Nd5 Nxd5 8.
exd5 Nb8 9. c4 Be7 10. Be3 a6 11. Nc3 O-O 12. Bd3 Nd7 13. b4 f5 14. f3 Bf6 15.
Rc1 e4 16. fxe4 Bxc3+ 17. Rxc3 fxe4 18. Be2 Ne5 19. Bd4 Qe7 20. Re3 Bf5 21. O-O
a5 22. a3 axb4 23. axb4 Bg6 24. c5 Rxf1+ 25. Bxf1 Ra2 26. Be2 Qg5 27. Kh1 Nd3
28. Rg3 Qf4 29. Bxd3 exd3 30. Be3 Qe5 31. cxd6 Ra1 32. Bc1 1-0

[Event "XIII. Rakosmente Open"]
[Site "Budapest, Hungary"]
[Date "2015.10.29"]
[Round "2.6"]
[White "Horvath, Csaba"]
[Black "Szentgyorgyi, Sandor"]
[Result "1/2-1/2"]
[WhiteElo "1814"]
[BlackElo "1854"]
[PlyCount "36"]
[EventDate "2015.??.??"]

1. e4 c5 2. Nf3 Nc6 3. d4 cxd4 4. Nxd4 g6 5. c4 Bg7 6. Be3 Nf6 7. Nc3 d6 8. Be2
O-O 9. O-O a6 10. Kh1 Bd7 11. Qd2 Ng4 12. Bxg4 Bxg4 13. f4 Nxd4 14. Bxd4 Be6
15. f5 Bd7 16. Nd5 Bxd4 17. Qxd4 Bc6 18. Rad1 Bxd5 1/2-1/2

[Event "XIII. Rakosmente Open"]
[Site "Budapest, Hungary"]
[Date "2015.10.29"]
[Round "2.7"]
[White "Kurko, Bence"]
[Black "Yip, Michael"]
[Result "0-1"]
[WhiteElo "1302"]
[BlackElo "1949"]
[PlyCount "60"]
[EventDate "2015.??.??"]

1. d4 Nf6 2. c4 e6 3. Nc3 Bb4 4. Qc2 O-O 5. Nf3 b6 6. e3 Bb7 7. Be2 Ne4 8. Bd2
Bxc3 9. Bxc3 f5 10. O-O d6 11. Nd2 Nxc3 12. Qxc3 Nd7 13. f3 e5 14. d5 a5 15. e4
f4 16. Rfb1 Qh4 17. Nf1 Nc5 18. b3 Bc8 19. Qe1 Qg5 20. Qf2 Qf6 21. Rb2 g5 22.
Nd2 h5 23. Kf1 Rf7 24. Ke1 Rg7 25. Nf1 Kf7 26. h3 Bd7 27. Kd2 Rag8 28. g4 hxg4
29. hxg4 Bxg4 30. fxg4 Nxe4+ 0-1

[Event "XIII. Rakosmente Open"]
[Site "Budapest, Hungary"]
[Date "2015.10.29"]
[Round "2.8"]
[White "Novak, Levente Peter"]
[Black "Pentek, Aladar"]
[Result "0-1"]
[WhiteElo "1561"]
[BlackElo "1819"]
[PlyCount "66"]
[EventDate "2015.??.??"]

1. e4 c5 2. Nf3 Nc6 3. d4 cxd4 4. Nxd4 Nf6 5. Nc3 d6 6. f3 Qb6 7. Nb3 g6 8. Qe2
Bg7 9. Be3 Qc7 10. O-O-O Be6 11. Nd5 Bxd5 12. exd5 Ne5 13. Qd2 O-O 14. h3 Rfc8
15. c3 Nc4 16. Bxc4 Qxc4 17. Qd3 Qc7 18. Rhe1 a5 19. Re2 a4 20. Nd4 a3 21. Nb5
axb2+ 22. Rxb2 Qa5 23. Rdd2 Nd7 24. Bd4 Bh6 25. Be3 Ne5 26. Qd4 Bxe3 27. Qxe3
Nc4 28. Qd4 Nxd2 29. Qxd2 Rc5 30. Qd3 Rac8 31. Kc2 Qa4+ 32. Kd2 Qf4+ 33. Kc2
Qe5 0-1

[Event "XIII. Rakosmente Open"]
[Site "Budapest, Hungary"]
[Date "2015.10.29"]
[Round "2.9"]
[White "Toth, Nikoletta"]
[Black "Abraham, Lajos"]
[Result "1-0"]
[WhiteElo "1530"]
[BlackElo "1791"]
[PlyCount "69"]
[EventDate "2015.??.??"]

1. e4 e6 2. d4 d5 3. Nc3 Bb4 4. e5 c5 5. a3 Ba5 6. b4 cxb4 7. Nb5 bxa3+ 8. c3
a6 9. Nd6+ Kd7 10. Qc2 Qc7 11. Ne2 Ne7 12. Nxf7 Rf8 13. Nd6 Nf5 14. Bxa3 Rg8
15. Nxf5 exf5 16. Qxf5+ Ke8 17. Qf3 Bg4 18. Qxg4 Bxc3+ 19. Kd1 Bxa1 20. Qe6+
Kd8 21. Qxg8+ Kd7 22. Qf7+ Kc6 23. Qxc7+ Kxc7 24. Kc2 Nc6 25. Bd6+ Kd7 26. Bc5
Nxe5 27. dxe5 Rc8 28. Kb1 Rxc5 29. Kxa1 b5 30. Kb2 a5 31. Nc3 b4 32. Na4 Rc7
33. Bd3 g6 34. Re1 Ke6 35. f4 1-0

[Event "XIII. Rakosmente Open"]
[Site "Budapest, Hungary"]
[Date "2015.10.29"]
[Round "2.10"]
[White "Simonyi, Gergo"]
[Black "Benyeda, Monika"]
[Result "1-0"]
[WhiteElo "1756"]
[BlackElo "1332"]
[PlyCount "53"]
[EventDate "2015.??.??"]

1. e4 c6 2. d4 d5 3. e5 Bf5 4. Bd3 Bxd3 5. Qxd3 e6 6. Bf4 Ne7 7. Nd2 Nd7 8.
Ngf3 Nf5 9. Nb3 Qb6 10. O-O c5 11. c4 Rc8 12. Rac1 cxd4 13. cxd5 Rxc1 14. Rxc1
Nc5 15. Nxc5 Bxc5 16. Qc2 exd5 17. Qxc5 Qxc5 18. Rxc5 Kd7 19. g4 Ne7 20. Nxd4
b6 21. e6+ Ke8 22. Rc7 fxe6 23. Bd6 Ng6 24. Nxe6 h6 25. f4 d4 26. f5 Nf8 27.
Re7# 1-0

[Event "XIII. Rakosmente Open"]
[Site "Budapest, Hungary"]
[Date "2015.10.29"]
[Round "2.11"]
[White "Belencsak, Istvan"]
[Black "Lakatos, Tamas"]
[Result "0-1"]
[WhiteElo "1445"]
[BlackElo "1649"]
[PlyCount "80"]
[EventDate "2015.??.??"]

1. e4 c6 2. d4 d5 3. e5 Bf5 4. Bd3 Bxd3 5. Qxd3 e6 6. Ne2 Nd7 7. O-O c5 8. f4
Qc7 9. Nbc3 a6 10. Qf3 cxd4 11. Nxd4 Bc5 12. Be3 Bxd4 13. Bxd4 Ne7 14. g4 Qc4
15. Rad1 g6 16. Qd3 Qxd3 17. Rxd3 h5 18. h3 Rc8 19. Rf2 Nc5 20. Bxc5 Rxc5 21.
Nd1 hxg4 22. hxg4 Kd7 23. c3 Rh4 24. Ne3 b5 25. b4 Rc8 26. Rh2 Rxh2 27. Kxh2
Rc7 28. Nc2 Nc8 29. Nd4 Nb6 30. Nb3 Na4 31. Nc5+ Nxc5 32. bxc5 Rxc5 33. Kg3 Rc4
34. f5 gxf5 35. gxf5 Re4 36. fxe6+ fxe6 37. Rf3 Rxe5 38. Rf7+ Kc6 39. Rf8 Kb6
40. Kf4 Rf5+ 0-1

[Event "XIII. Rakosmente Open"]
[Site "Budapest, Hungary"]
[Date "2015.10.29"]
[Round "2.12"]
[White "Benyeda, Tibor"]
[Black "Magyar, Erik Ferenc"]
[Result "1/2-1/2"]
[WhiteElo "1608"]
[BlackElo "1077"]
[PlyCount "78"]
[EventDate "2015.??.??"]

1. Nf3 Nf6 2. c4 c5 3. d4 cxd4 4. Nxd4 Nc6 5. Nc3 d5 6. cxd5 Nxd5 7. Nxc6 bxc6
8. Qa4 Bd7 9. Qd4 Qa5 10. Bd2 Nxc3 11. Bxc3 Qd5 12. e4 Qxd4 13. Bxd4 Rd8 14.
Bxa7 Ra8 15. Bc5 Ra5 16. b4 Ra8 17. Bc4 g6 18. Bd4 f6 19. e5 Bg7 20. exf6 Bxf6
21. Bxf6 exf6 22. O-O Kd8 23. -- Kc7 24. -- Rad8 25. -- Kc8 26. a4 Kb7 27. Rfe1
Rhe8 28. Rad1 Rxe1+ 29. Rxe1 Re8 30. Rxe8 Bxe8 31. f4 c5 32. bxc5 Bxa4 33. Bg8
h6 34. h4 Kc6 35. Bh7 Bc2 36. h5 Kxc5 37. Bxg6 Bd1 38. Kf2 Kd4 39. f5 Ke5
1/2-1/2

[Event "XIII. Rakosmente Open"]
[Site "Budapest, Hungary"]
[Date "2015.10.30"]
[Round "3.1"]
[White "Bakk, Zoltan"]
[Black "Bartuszek, Andras"]
[Result "1-0"]
[WhiteElo "2039"]
[BlackElo "1829"]
[PlyCount "95"]
[EventDate "2015.??.??"]

1. d4 Nf6 2. Nf3 g6 3. Nc3 d5 4. Bf4 Bg7 5. e3 O-O 6. Be2 c5 7. Ne5 cxd4 8.
exd4 a6 9. Bf3 Nc6 10. Qd2 Bf5 11. Nxc6 bxc6 12. h3 Ra7 13. O-O Nd7 14. g4 Be6
15. Rfe1 Nb6 16. b3 Qc8 17. Rad1 Rd8 18. a4 a5 19. Qe3 Nd7 20. Bg2 Nf8 21. Be5
f6 22. Bg3 Bf7 23. Ne2 Rad7 24. Qc3 Qa6 25. Nf4 g5 26. Nd3 Qb6 27. Nc5 Ra7 28.
Bf1 Re8 29. Bd3 e6 30. Bd6 Qd8 31. Bg3 Nd7 32. Nxd7 Qxd7 33. Re3 Bf8 34. Qe1 c5
35. Bb5 Qd8 36. Bxe8 Qxe8 37. Qc3 Qc6 38. Rf3 e5 39. dxe5 f5 40. Rxf5 Bg7 41.
Rxg5 Bg6 42. f4 Be4 43. f5 Bh1 44. Rd4 Rc7 45. Kxh1 Kf7 46. e6+ Kf6 47. Rxg7
Kxg7 48. Bxc7 1-0

[Event "XIII. Rakosmente Open"]
[Site "Budapest, Hungary"]
[Date "2015.10.30"]
[Round "3.2"]
[White "Kovacsy, Barnabas"]
[Black "Gyurkovics, Miklos"]
[Result "0-1"]
[WhiteElo "1915"]
[BlackElo "2107"]
[PlyCount "108"]
[EventDate "2015.??.??"]

1. e4 Nc6 2. Nc3 e6 3. d4 Bb4 4. a3 Bxc3+ 5. bxc3 d5 6. e5 Nge7 7. Bd3 Nf5 8.
Qh5 Qh4 9. Qxh4 Nxh4 10. g3 Nf5 11. f4 Bd7 12. Nf3 h5 13. Bd2 Na5 14. Kf2 Nc4
15. Bxc4 dxc4 16. Rab1 Bc6 17. Rb4 Bd5 18. Rhb1 b6 19. Be3 f6 20. Re1 a5 21.
Rb2 Kd7 22. Rg1 Raf8 23. Rbb1 Kc6 24. Nh4 Ne7 25. Ke2 Be4 26. Kd2 Nd5 27. Rbe1
Rhg8 28. Bf2 f5 29. Ng6 Rd8 30. h3 Kb5 31. g4 hxg4 32. hxg4 Ka4 33. Bh4 Rd7 34.
Bf2 c5 35. g5 Rgd8 36. Ra1 Nc7 37. Rgb1 Nb5 38. Rxb5 Kxb5 39. Rb1+ Ka6 40. Ke1
Bxc2 41. Rb2 Bb3 42. dxc5 b5 43. c6 Rd1+ 44. Ke2 b4 45. axb4 a4 46. c7 Rc8 47.
Rxb3 cxb3 48. Kxd1 a3 49. Kc1 Kb5 50. Kb1 Rxc7 51. Nf8 Rxc3 52. Nxe6 Rd3 53.
Nd4+ Kc4 54. Nxb3 Kxb3 0-1

[Event "XIII. Rakosmente Open"]
[Site "Budapest, Hungary"]
[Date "2015.10.30"]
[Round "3.3"]
[White "Szentgyorgyi, Sandor"]
[Black "Heyl, Thomas"]
[Result "1/2-1/2"]
[WhiteElo "1854"]
[BlackElo "1976"]
[PlyCount "27"]
[EventDate "2015.??.??"]

1. e4 c5 2. Nf3 e6 3. d4 cxd4 4. Nxd4 a6 5. Nc3 Qc7 6. Bd3 Nf6 7. O-O b5 8. e5
Qxe5 9. Nf5 Bb7 10. Re1 Qc7 11. Bg5 b4 12. Bxf6 gxf6 13. Ne4 Bxe4 14. Bxe4
1/2-1/2

[Event "XIII. Rakosmente Open"]
[Site "Budapest, Hungary"]
[Date "2015.10.30"]
[Round "3.4"]
[White "Yip, Michael"]
[Black "Horvath, Csaba"]
[Result "1/2-1/2"]
[WhiteElo "1949"]
[BlackElo "1814"]
[PlyCount "72"]
[EventDate "2015.??.??"]

1. d4 d5 2. c4 c6 3. Nf3 Nf6 4. Nc3 dxc4 5. a4 Bf5 6. e3 e6 7. Bxc4 Bb4 8. O-O
Nbd7 9. Qe2 Qa5 10. e4 Bg4 11. e5 Bxc3 12. bxc3 Nd5 13. Bd2 Qc7 14. a5 O-O 15.
Bd3 Ne7 16. Bxh7+ Kh8 17. Bd3 f6 18. Qe3 fxe5 19. Ng5 Nf5 20. Qe1 Nh6 21. f3
Bf5 22. Bc4 c5 23. Bxe6 cxd4 24. cxd4 exd4 25. Qh4 Ne5 26. Rfe1 Ng6 27. Qxd4
Rad8 28. Qb2 Qc2 29. Qxc2 Bxc2 30. Be3 Nf4 31. Bxf4 Rxf4 32. Rac1 Ba4 33. Bd5
Rxd5 34. Rc8+ Ng8 35. Ne6 Rf7 36. Re4 Rf6 1/2-1/2

[Event "XIII. Rakosmente Open"]
[Site "Budapest, Hungary"]
[Date "2015.10.30"]
[Round "3.5"]
[White "Szurkos, Andras"]
[Black "Palagyi, Csaba"]
[Result "1/2-1/2"]
[WhiteElo "1793"]
[BlackElo "1938"]
[PlyCount "47"]
[EventDate "2015.??.??"]

1. e4 c5 2. Nf3 Nc6 3. Bb5 Qc7 4. Nc3 Nf6 5. O-O e6 6. d4 Nxd4 7. Nxd4 cxd4 8.
Qxd4 Bc5 9. Qd3 O-O 10. Qf3 a6 11. Bd3 b5 12. Bg5 Qe5 13. Bxf6 Qxf6 14. Qxf6
gxf6 15. Ne2 Bb7 16. Nf4 Rfd8 17. Nh5 Be7 18. Rae1 Rac8 19. Re3 Rc5 20. Rh3 Rg5
21. f4 Rg4 22. Rg3 Rxg3 23. Nxg3 d5 24. e5 1/2-1/2

[Event "XIII. Rakosmente Open"]
[Site "Budapest, Hungary"]
[Date "2015.10.30"]
[Round "3.6"]
[White "Lakatos, Tamas"]
[Black "Czumbel, Peter"]
[Result "0-1"]
[WhiteElo "1649"]
[BlackElo "1845"]
[PlyCount "108"]
[EventDate "2015.??.??"]

1. e4 e5 2. Nf3 d6 3. d4 Nd7 4. c3 Ngf6 5. Bg5 h6 6. Bxf6 Qxf6 7. Be2 Qg6 8.
O-O Qxe4 9. Re1 Qf4 10. Bd3 Be7 11. Qe2 Bf6 12. h3 h5 13. dxe5 dxe5 14. g3 Qh6
15. Nbd2 O-O 16. Nc4 Nc5 17. Ncxe5 Bxe5 18. Nxe5 Bxh3 19. Bc4 Be6 20. Bxe6 Nxe6
21. Qf3 c6 22. Rad1 Ng5 23. Qf5 Qf6 24. Qxf6 gxf6 25. Nd7 Nf3+ 26. Kf1 Nxe1 27.
Nxf8 Kxf8 28. Kxe1 Ke7 29. Ke2 Rg8 30. Rh1 Rg5 31. Kd3 Kd6 32. Rh4 Rd5+ 33. Ke3
Ra5 34. a3 Rb5 35. b4 Re5+ 36. Kd3 a5 37. g4 hxg4 38. Rxg4 Rd5+ 39. Ke3 a4 40.
c4 Rd1 41. Rd4+ Rxd4 42. Kxd4 b5 43. c5+ Ke6 44. Ke4 f5+ 45. Kd4 f4 46. Ke4 f3
47. Kxf3 Kd5 48. Ke3 Kc4 49. Kd2 Kb3 50. Kd3 Kxa3 51. Kc3 Ka2 52. Kc2 f5 53. f4
a3 54. Kc3 Kb1 0-1

[Event "XIII. Rakosmente Open"]
[Site "Budapest, Hungary"]
[Date "2015.10.30"]
[Round "3.7"]
[White "Kaloczi, Kristof"]
[Black "Kurko, Bence"]
[Result "1-0"]
[WhiteElo "1830"]
[BlackElo "1302"]
[PlyCount "89"]
[EventDate "2015.??.??"]

1. d4 Nf6 2. Bg5 e6 3. Nf3 d5 4. e3 Nbd7 5. Bd3 c5 6. c3 Be7 7. O-O O-O 8. Nbd2
Nb6 9. Ne5 c4 10. Bc2 Bd7 11. f4 Bc6 12. Qe1 Ne4 13. Bxe7 Qxe7 14. Nxc6 bxc6
15. Nxe4 dxe4 16. Bxe4 Nd5 17. Qe2 f5 18. Bf3 Qe8 19. Rae1 Rb8 20. Rf2 Nb6 21.
b3 cxb3 22. axb3 Nd5 23. c4 Nc3 24. Qc2 Ne4 25. Bxe4 fxe4 26. Rb1 Qg6 27. b4
Rb7 28. Qa4 Rfb8 29. Rfb2 Qe8 30. Qc2 Qg6 31. Qc3 Qf6 32. c5 Rb5 33. Ra1 Ra8
34. Ra6 e5 35. fxe5 Qe6 36. Qb3 Qxb3 37. Rxb3 Kf7 38. Rxc6 a5 39. d5 a4 40. Rb1
a3 41. e6+ Ke7 42. Rc7+ Kd8 43. Rxg7 Ra6 44. d6 Rxb4 45. Rg8# 1-0

[Event "XIII. Rakosmente Open"]
[Site "Budapest, Hungary"]
[Date "2015.10.30"]
[Round "3.9"]
[White "Pentek, Aladar"]
[Black "Toth, Nikoletta"]
[Result "1/2-1/2"]
[WhiteElo "1819"]
[BlackElo "1530"]
[PlyCount "62"]
[EventDate "2015.??.??"]

1. Nf3 d5 2. d4 e6 3. c4 c5 4. cxd5 exd5 5. e3 Nc6 6. Bb5 a6 7. Bxc6+ bxc6 8.
Qa4 Qc7 9. O-O Nf6 10. Nc3 Bd6 11. dxc5 Bxc5 12. Nd4 Bd7 13. Qc2 O-O 14. Nce2
Bd6 15. Ng3 Ne4 16. f4 Qc8 17. Nxe4 dxe4 18. Bd2 Re8 19. Bc3 c5 20. Ne2 Bb5 21.
b3 Re6 22. Rf2 Bd3 23. Qb2 Bf8 24. Rd1 Qd8 25. Rd2 Rg6 26. g3 Rc6 27. Nc1 c4
28. b4 Qc8 29. Kg2 Rb8 30. a3 Rcb6 31. Na2 Rc6 1/2-1/2